Central Library OPAC University of Rajshahi

Planned economy for India / (Record no. 43136)

MARC details
000 -LEADER
fixed length control field 00816nam a22002537a 4500
001 - CONTROL NUMBER
control field 43136
003 - CONTROL NUMBER IDENTIFIER
rucl marc code BD-RjUL
005 - DATE AND TIME OF LATEST TRANSACTION
control field 20211209053643.0
008 - FIXED-LENGTH DATA ELEMENTS--GENERAL INFORMATION
fixed length control field 160619s1934 ii a 001 0 eng
035 ## - SYSTEM CONTROL NUMBER
System control number (BD-RjUL)43254
040 ## - CATALOGING SOURCE
Original cataloging agency DLC
Transcribing agency DLC
Language of cataloging eng
041 ## - LANGUAGE CODE
Language code of text/sound track or separate title eng
082 ## - DEWEY DECIMAL CLASSIFICATION NUMBER
Edition number 23
Classification number 330.954
Author mark and year VIP 1934
100 1# - MAIN ENTRY--PERSONAL NAME
Personal name Visvesvaraya, M.
Fuller form of name (Mokshagundam),
Dates associated with a name 1861-1962.
9 (RLIN) 132454
245 10 - TITLE STATEMENT
Title Planned economy for India /
Statement of responsibility, etc. by Sir M. Visvesvaraya.
260 ## - PUBLICATION, DISTRIBUTION, ETC. (IMPRINT)
Place of publication, distribution, etc. Bangalore :
Name of publisher, distributor, etc. Bangalore Press,
Date of publication, distribution, etc. 1934.
300 ## - PHYSICAL DESCRIPTION
Pagination xii, 430 p. ;
Size 21 cm.
500 ## - GENERAL NOTE
General note Includes index.
651 #0 - SUBJECT ADDED ENTRY--GEOGRAPHIC NAME
Geographic name India
General subdivision Economic conditions.
9 (RLIN) 132455
Geographic name India
General subdivision Economic policy.
9 (RLIN) 132456
830 #0 - SERIES ADDED ENTRY--UNIFORM TITLE
Uniform title SAMP early 20th-century Indian books project ;
Volume number/sequential designation item 08805.
942 ## - ADDED ENTRY ELEMENTS (KOHA)
Source of classification or shelving scheme Dewey Decimal Classification
Koha item type Books
Holdings
Lost status Source of classification or shelving scheme Damaged status Not for loan Collection code Permanent Location Current Location Shelving location Date acquired Source of acquisition Cost, normal purchase price Total Checkouts Full call number Date last seen Copy number Koha item type
  Dewey Decimal Classification     Non-fiction Central Library, University of Rajshahi Central Library, University of Rajshahi   16/03/1963 Zeithlinger 54.00   330.954 VIP 1934 19/06/2016 C-2 Books